000 00243nam a22000977a 4500
999 _c16164
_d16164
003 OSt
008 200611b ||||| |||| 00| 0 eng d
100 _aPriestly, J B.
_94586
245 _aPlays, Vol 2 / J B Priestly. Textual Documents
942 _cBK